| Tag |
First Indicator |
Second Indicator |
Subfields |
| LEADER |
00000cam a2200000 4500 |
| 001 |
in00000053896 |
| 005 |
20151008050910.0 |
| 008 |
720119s1964 nyu b 00000 eng u |
| 010 |
|
|
|a 64005215
|
| 035 |
|
|
|a (OCoLC)00224216
|
| 035 |
|
|
|9 AAG4134AM
|
| 040 |
|
|
|c WSU
|d TXA
|d UtOrBLW
|
| 049 |
|
|
|a TXAM
|c 1 [400975]
|c 2 [411885]
|
| 050 |
|
0 |
|a HC240
|b .T85
|
| 092 |
|
|
|a 330.94
|b T971n
|
| 110 |
2 |
|
|a Twentieth Century Fund.
|
| 245 |
1 |
4 |
|a The new Europe and its economic future ;
|b a Twentieth Century Fund survey /
|c by Arnold B. Barach. Graphics by Rudolf Modley.
|
| 264 |
|
1 |
|a New York :
|b Macmillan,
|c [1964]
|
| 300 |
|
|
|a 148 pages
|
| 336 |
|
|
|a text
|b txt
|2 rdacontent
|
| 337 |
|
|
|a unmediated
|b n
|2 rdamedia
|
| 338 |
|
|
|a volume
|b nc
|2 rdacarrier
|
| 504 |
|
|
|a Bibliography: pages 145-146.
|
| 651 |
|
0 |
|a Europe
|x Economic conditions
|y 1945-
|
| 700 |
1 |
|
|a Barach, Arnold B.
|
| 999 |
|
|
|a MARS
|
| 999 |
f |
f |
|s 80700bec-8b5e-3fad-974d-e49522363b8f
|i 3ae7adf1-9654-38ba-b891-2ed72d6010b8
|t 0
|
| 952 |
f |
f |
|p ric
|a Texas A&M University
|b Rellis Campus
|c Joint Library Facility
|d Remote Storage
|t 0
|e HC240 .T85
|h Library of Congress classification
|i unmediated -- volume
|m A14800700380
|
| 998 |
f |
f |
|a HC240 .T85
|t 0
|l Remote Storage
|